00637nam a22001337a 4500008004100000020001500041050002800056245028500084260004300369300002200412440003500434700001700469800001700486140827b xxu||||| |||| 00| 0 eng d a0406092524 aKD277.7.L39(1891 vol.1) aThe Law Reports (1891 vol.1) Queen's Bench Division : of the incorporated council of law reporting Queen's bench division and on appeal therefrom in the court of appeal, decisions on crown cases reserved and decisions of the railway and canal commission. /cEdited by A. P. Stone. aLondon:bButterworth & Co. Ltd,c1891. axv, 799p.:c24cm. pQueen's Bench Division.vvol 1 aStone, A. P. aStone, A. P.